University Home | Library Home | Institutional Repository

Amebiasis : (Record no. 55042)

MARC details
000 -LEADER
fixed length control field 00859cam3a220026500 4500
001 - CONTROL NUMBER
control field qce00009610
005 - DATE AND TIME OF LATEST TRANSACTION
control field 20190814131608.0
008 - FIXED-LENGTH DATA ELEMENTS--GENERAL INFORMATION
fixed length control field 770615s1965 ilua 000 0 eng
010 ## - LIBRARY OF CONGRESS CONTROL NUMBER
LC control number 65012385
035 ## - SYSTEM CONTROL NUMBER
System control number (Sirsi) r67372
035 ## - SYSTEM CONTROL NUMBER
System control number (QCAT)lss01622521
035 ## - SYSTEM CONTROL NUMBER
System control number (UPRA)qce00009610
040 ## - CATALOGING SOURCE
Modifying agency UPRA
050 ## - LIBRARY OF CONGRESS CALL NUMBER
Classification number RC121.A5
Item number S5
082 ## - DEWEY DECIMAL CLASSIFICATION NUMBER
Classification number 616.9353
100 1# - MAIN ENTRY--PERSONAL NAME
Personal name Shaffer, James G.
Linkage A28064.1
245 10 - TITLE STATEMENT
Title Amebiasis :
Remainder of title a biomedical problem /
Statement of responsibility, etc. by James G. Shaffer, William H. Shlaes [and] Ryle A. Radke ; with a foreword by Walter L. Palmer.
260 ## - PUBLICATION, DISTRIBUTION, ETC.
Place of publication, distribution, etc. Springfield, IL :
Name of publisher, distributor, etc. C.C. Thomas,
Date of publication, distribution, etc. [1965]
504 ## - BIBLIOGRAPHY, ETC. NOTE
Bibliography, etc. note Bibliography: p. 134-151.
650 #0 - SUBJECT ADDED ENTRY--TOPICAL TERM
Topical term or geographic name entry element Amebiasis.
Linkage S20218.1
700 1# - ADDED ENTRY--PERSONAL NAME
Personal name Shlaes, William H.
Linkage A28065.1
700 1# - ADDED ENTRY--PERSONAL NAME
Personal name Radke, Ryle A.
Linkage A28066.1
949 ## - LOCAL PROCESSING INFORMATION (OCLC)
a RC121.A5
w LC
i -90280
m MEDICAL
t BOOK
l ON-SHELF

No items available.

© 2026 - The University of Zambia Library - Koha v25.11